| 000 | 00366cam a2200133u 4500 | ||
|---|---|---|---|
| 040 | _cCarP | ||
| 082 | _a620 DUN 1971 A038 Or. | ||
| 100 | 1 | _aDeriquehem, B. [from old catalog] | |
| 245 | 1 | 4 | _aLes sciences appliquées au B. E. P. |
| 260 |
_aParis, _bDunod, _c1970-71. |
||
| 300 |
_a2 v. _billus. (part col.) _c23 cm. |
||
| 650 | 0 | _aMechanical engineering. | |
| 942 | _cFB | ||
| 999 |
_c11854 _d11854 |
||